ბათუმის შოთა რუსთაველის სახელმწიფო უნივერსიტეტის ბიბლიოთეკა

Journal of Constitutional Law / (ბიბ.ჩანაწერი № 63315)

000 -LEADER
fixed length control field 00473nam a22001697a 4500
005 - DATE AND TIME OF LATEST TRANSACTION
control field 20250811131418.0
008 - FIXED-LENGTH DATA ELEMENTS--GENERAL INFORMATION
fixed length control field 250811c2022 ge ||||| |||| 00| 0 eng d
022 ## - INTERNATIONAL STANDARD SERIAL NUMBER
International Standard Serial Number 25875329
041 ## - LANGUAGE CODE
Language code of text/sound track or separate title eng
245 ## - TITLE STATEMENT
Title Journal of Constitutional Law /
Statement of responsibility, etc. Editor M. Turava.
260 ## - PUBLICATION, DISTRIBUTION, ETC.
Place of publication, distribution, etc. Batumi,
300 ## - PHYSICAL DESCRIPTION
Extent V.
653 ## - INDEX TERM--UNCONTROLLED
Uncontrolled term სამართალი
653 ## - INDEX TERM--UNCONTROLLED
Uncontrolled term კონსტიტუცია
700 ## - ADDED ENTRY--PERSONAL NAME
Personal name Turava, M.
Relator term რედაქტორი
9 (RLIN) 25750
942 ## - ADDED ENTRY ELEMENTS (KOHA)
Source of classification or shelving scheme
Koha item type პერიოდიკა
ეგზემპლარები
Withdrawn status Lost status Source of classification or shelving scheme Damaged status Not for loan Permanent Location Current Location Shelving location Date acquired Serial Enumeration / chronology Barcode Date last seen Copy number Price effective from Koha item type
          ბათუმის შოთა რუსთაველის სახელმწიფო უნივერსიტეტის მთავარი ბიბლიოთეკა ბათუმის შოთა რუსთაველის სახელმწიფო უნივერსიტეტის მთავარი ბიბლიოთეკა წიგნსაცავი 2025-08-11 December # 2 (2022) 81379 პერიოდიკა 2025-08-11 81379 2025-08-11 პერიოდიკა
          ბათუმის შოთა რუსთაველის სახელმწიფო უნივერსიტეტის მთავარი ბიბლიოთეკა ბათუმის შოთა რუსთაველის სახელმწიფო უნივერსიტეტის მთავარი ბიბლიოთეკა წიგნსაცავი 2025-08-11 December # 1 (2022) 81378 პერიოდიკა 2025-08-11 81378 2025-08-11 პერიოდიკა